Top cyclistes de 2020 à 2025 - Statistiques

Statistiques générales
  • Ce quiz a été pris 77 fois
  • Le résultat moyen est 12 sur 16
Statistiques - réponses
Par images Réponse % Correct
Jonas Vingegaard
98%
Julian Alaphilippe
98%
Tadej Pogacar
98%
Mathieu Van der poel
97%
Wout Van aert
95%
Remco Evenepoel
90%
Thibaut Pinot
90%
Tom Pidcock
81%
Peter Sagan
79%
Geraint Thomas
71%
Valentin Madouas
63%
Matteo Jorgenson
62%
Jai Hindley
57%
Tim Merlier
56%
Michal Kwiatkowski
52%
Alexis Renaud
3%
Aucun quiz correspondant
Distribution des résultats
% des personnes avec chaque résultat
Percentile par nombre de réponses
Votre historique - résultats
Vous n’avez pas pris ce quiz